Statistiken für Geboren in Frankfurt am Main

Klicken Sie hier um das Quiz zu spielen!

Allgemein

  • Dieses Quiz wurde 145 mal gespielt
    (25 seit der letzten Aktualisierung)
  • Das Durchschnittsergebnis liegt bei 9 aus 52

Antwortstatistiken

HinweisAntwort% Korrekt
Autor von "Faust", Namensgeber der Frankfurter Universität1749Johann Wolfgang von Goethe
96%
Holocaust-Opfer und Autorin eines weltberühmten Tagebuches1929Anne Frank
74%
oscarprämierter Filmkomponist "Der König der Löwen" "The Dark Knight" "Gladiator"1957Hans Zimmer
52%
Bankier und Begründer des Hauses Rothschild1744Mayer Amsel Rothschild
48%
Sängerin "Lieblingsmensch"1991Namika
48%
Fernsehmoderator,"Let's Dance" "Dschungelcamp"1978Daniel Hartwich
43%
Arzt, Autor und Fernsehmoderator1967Eckart von Hirschhausen
43%
Komiker, "Was guckst du?!"1973Kaya Yanar
39%
Chemie-Nobelpreisträger und Entdecker der Kernspaltung1879Otto Hahn
39%
Rekordspielerin der deutschen Frauennationalmannschaft1977Birgit Prinz
35%
ehemalige Fußballerin und Trainerin der Frauennationalmannschaft von 2016 bis 20181972Steffi Jones
35%
früherer Nationalspieler für die USA (Schalke und Eintracht Frankfurt)1981Jermaine Jones
30%
amerikanischer Rapper (bürgerlich Jermaine Cole) "No Role Modelz" "She Knows"1985J. Cole
26%
Schwimmer und Goldmedaillengewinner, Spitzname "Albatros"1964Michael Groß
26%
deutscher Nationalspieler, Borussia Dortmund1994Emre Can
22%
CDU-Politiker und hessischer Ministerpräsident von 1999 bis 20101958Roland Koch
22%
Sängerin, "No Roots" "Lash Out"1993Alice Merton
17%
früherer Nationalspieler (Borussia Dortmund, Schalke, Juventus, Eintracht)1967Andreas Möller
17%
Verfasser des "Struwwelpeter"1809Heinrich Hoffmann
17%
Sänger und DSDS-Sieger, "You Can Get It" "Mamacita"1978Mark Medlock
17%
Großaktionär von BMW und einer der reichsten Deutschen1966Stefan Quandt
17%
Rapper, bekannt als Teil eines Rap-Duos, welches erfolgreiche Alben wie "Mietwagentape 2" "Akupunktur" und "Hinterhofjargon" veröffentlichte1987Abdi
13%
Rapper, bekannt als Teil eines Rap-Duos, welches erfolgreiche Alben wie "Mietwagentape 2" "Akupunktur" und "Hinterhofjargon" veröffentlichte1982Celo
13%
Schweizer Unternehmer und Gründer von Nestlé1814Henri Nestlé
13%
US-amerikanischer Schauspieler "Bad Boys"1965Martin Lawrence
13%
deutscher Nationalspieler, Borussia Dortmund1995Niklas Süle
13%
CDU-Politiker und seit 2022 Ministerpräsident von Hessen1972Boris Rhein
9%
Schriftstellerin, "Die Rosenzüchterin" "Das Echo der Schuld"1963Charlotte Link
9%
Schauspieler und Umweltaktivist1960Hannes Jaenicke
9%
Rapper und Musikproduzent, bekannt geworden als Teil des "Rödelheim Hartheim Projekt"1971Moses Pelham
9%
berühmt geworden als Mordopfer im OJ Simpson Fall in den USA1959Nicole Brown Simpson
9%
Luftfahrtpionier und Flugezeugkonstrukteur1898Willy Messerschmidt
9%
FDP-Politikerin und Bundesbildungsministerin1968Bettina Stark-Watzinger
4%
Chefmoderator von RTL Aktuell1958Peter Kloeppel
4%
Investor und Mitgründer von PayPal1967Peter Thiel
4%
Sängerin und früheres Mitglied der Girlgroup Monrose1979Senna Gammour
4%
Wichtiger Vertreter der Kritischen Theorie und Mitbegründer der Frankfurter Denkschule1903Theodor W. Adorno
4%
Vordenker des Reformjudentums1810Abraham Geiger
0%
Schauspieler, "Im Westen nichts Neues" "Sløborn"1999Adrian Grünewald
0%
Chemienobelpreisträger für seine Arbeit zur asymmetrischen Organokatalyse1968Benjamin List
0%
CDU-Politikerin und erste deutsche Bundesministerin1901Elisabeth Schwarzhaupt
0%
Schauspieler "Der Vorleser" "Werk ohne Autor"1987Florian Bartholomäi
0%
SPD-Politiker und von 1950 bis 1976 Ministerpräsident von Hessen1901Georg-August Zinn
0%
Physiknobelpreisträger 1986 für die Entwicklung des Rastertunnelmikroskops1947Gerd Binning
0%
Chemie-Nobelpreisträger für seine Arbeiten über die Häminsynthese1881Hans Fischer
0%
CDU-Politiker, langjähriges Mitglied des Bundestags und Bundesforschungsminister1935Heinz Riesenhuber
0%
Physiknobelpreisträger 1998 für die Entdeckung einer neuen Art von Quantenflüssigkeit mit fraktionell geladenen Anregungen1949Horst Ludwig Störmer
0%
Raketenpionier und früherer Direktor des Kennedy Space Centers1908Kurt H. Debus
0%
Schauspielerin, "Und morgen die ganze Welt" "Meine Tochter Anne Frank"1996Mala Emde
0%
Medizinnobelpreisträger für die Entdeckung der chemischen Übertragung der Nervenimpulse1873Otto Loewi
0%
langjähriger Spieler von Eintracht Frankfurt1984Patrick Ochs
0%
Generelsekretär der CDU von 2013 bis 20181974Peter Tauber
0%

Verteilung der Resultate

Perzentil nach korrekt beantworteten Fragen

Anzahl Personen mit jedem Resultat

Ihre Resultats-Entwicklung

Sie haben dieses Quiz seit der letzten Aktualisierung nicht gespielt